LEADER 01312cam0-22004451i-450- 001 990003747390403321 005 20050921110053.0 035 $a000374739 035 $aFED01000374739 035 $a(Aleph)000374739FED01 035 $a000374739 100 $a20030910d1979----km-y0itay50------ba 101 0 $aita 102 $aIT 105 $aa-------001yy 200 1 $a<>condizione anziana oggi$ebisogni, rapporti sociali e nuove politiche d'intervento$fA. Amato, M. Ampola ...[et al.]$ga cura di Paolo Guidicini 210 $aMilano$cFranco Angeli$d1979 215 $a252 p.$cill.$d22 cm 225 1 $aCollana di sociologia urbana e rurale$v13 610 0 $aAnziani$aCondizioni sociali 610 0 $aAnziani$aServizi sociali 610 0 $aFattori Culturali 676 $a305.26 676 $a362.6 676 $a040.004 702 1$aAmato,$bAda 702 1$aGuidicini,$bPaolo$f<1933- > 801 0$aIT$bUNINA$gRICA$2UNIMARC 901 $aBK 912 $a990003747390403321 952 $a305.26 GUI 1$b805$fBFS 952 $aCOLLEZ. 229 (13)$b16233$fFSPBC 952 $a040.004.GUI$b2085$fDECGE 952 $a01 L X 2099$b04600$fDINST 959 $aBFS 959 $aFSPBC 959 $aDECGE 959 $aDINST 996 $aCondizione anziana oggi$9509585 997 $aUNINA LEADER 00939nam0-22003251i-450- 001 990001016270403321 035 $a000101627 035 $aFED01000101627 035 $a(Aleph)000101627FED01 035 $a000101627 100 $a20000920d1965----km-y0itay50------ba 101 0 $aeng 200 1 $aSpace Research V$eProceedings of the fifth International Space Science Symposium Florence, May 12-16, 1964$fEdited by D.G. King-Hele, P. Muller, G. Righini 210 $aAmsterdam$cNorth-Holland$d1965 610 0 $aAstronomia 610 0 $aAstrofisica 610 0 $aCosmologia 676 $a520 676 $a523 700 1$aKing-Hele,$bDesmond$f<1927->$012599 702 1$aMuller,$bP. 702 1$aRighini,$bG. 801 0$aIT$bUNINA$gRICA$2UNIMARC 901 $aBK 912 $a990001016270403321 952 $a19-023.004$b4253$fFI1 959 $aFI1 996 $aSpace Research V$9355399 997 $aUNINA DB $aING01